Perfection (Record no. 3949)

MARC details
000 -LEADER
fixed length control field 00427nam a22001817a 4500
003 - CONTROL NUMBER IDENTIFIER
control field OSt
005 - DATE AND TIME OF LATEST TRANSACTION
control field 20260306135910.0
008 - FIXED-LENGTH DATA ELEMENTS--GENERAL INFORMATION
fixed length control field 260305b |||||||| |||| 00| 0 eng d
020 ## - INTERNATIONAL STANDARD BOOK NUMBER
International Standard Book Number 9781804271049
082 ## - DEWEY DECIMAL CLASSIFICATION NUMBER
Classification number 853.92
Item number LATP
100 ## - MAIN ENTRY--PERSONAL NAME
Personal name Latronico,Vincenzo
245 ## - TITLE STATEMENT
Title Perfection
260 ## - PUBLICATION, DISTRIBUTION, ETC.
Place of publication, distribution, etc. London
Name of publisher, distributor, etc. Fitzcarraldo editions
Date of publication, distribution, etc. 2025
300 ## - PHYSICAL DESCRIPTION
Extent 115p
546 ## - LANGUAGE NOTE
Language note English
650 ## - SUBJECT ADDED ENTRY--TOPICAL TERM
Topical term or geographic name entry element Italian Fiction
942 ## - ADDED ENTRY ELEMENTS (KOHA)
Source of classification or shelving scheme Dewey Decimal Classification
Koha item type Book
Holdings
Withdrawn status Lost status Source of classification or shelving scheme Damaged status Not for loan Collection code Home library Current library Shelving location Date acquired Source of acquisition Cost, normal purchase price Inventory number Total Checkouts Full call number Barcode Date last seen Price effective from Koha item type
    Dewey Decimal Classification     Fiction RIC Library RIC Library General Stacks 03/06/2026 M/s Allied Informatics 999.00 14196/18/02/2026    853.92 LATP 003226 03/06/2026 03/06/2026 Book

Venue

Rajasthan International Centre
Sansthan Path,JLN Marg, Jaipur- 302017
Phone: +91-7230904025